Statistics for Countries With the Most Linguistic Diversity

Click here to take the quiz!

General Stats

  • This quiz has been taken 229 times
  • The average score is 11 of 20

Answer Stats

FractionalizationCounrty% Correct
0.8069 India
85%
0.8652South Africa
81%
0.8705DR Congo
76%
0.8316 Nigeria
74%
0.886 Kenya
66%
0.8983 Tanzania
66%
0.8073 Ethiopia
64%
0.9227 Uganda
59%
0.8125 Mozambique
58%
0.8898 Cameroon
57%
0.8334Central African Republic
56%
0.8734 Zambia
56%
0.8388Mali
51%
0.8635Chad
50%
0.898 Togo
46%
0.7905 Benin
44%
0.8141 Guinea-Bissau
38%
0.9038 Liberia
37%
0.836Philippines
37%
0.8076Gambia
34%

Score Distribution

Percentile by Number Answered

Percent of People with Each Score

Your Score History

You have not taken this quiz